La comunicación formal en un entorno laboral en empresas españolas bakalárska práca

Gespeichert in:
Bibliographische Detailangaben
1. Verfasser: Bergerová, Tereza
Körperschaft: Fakulta aplikovaných jazykov EU v Bratislave. Katedra románskych a slovanských jazykov
Weitere Verfasser: Varela Cano, Diana Patricia, 1964-
Format: Buch
Sprache:Spanisch
Veröffentlicht: Bratislava 2023
Tags: Tag hinzufügen
Keine Tags, Fügen Sie das erste Tag hinzu!

MARC

LEADER 00000nbm a2200000 4500
001 0292833
005 20240429084903.3
041 0 |a spa 
044 |a SK 
245 1 0 |a La comunicación formal en un entorno laboral en empresas españolas  |b bakalárska práca  |c Tereza Bergerová ; školiteľ: Diana Patricia Varela Cano 
264 1 |a Bratislava  |c 2023 
300 |a 46 s. 
100 1 |a Bergerová, Tereza 
700 1 |a Varela Cano, Diana Patricia, 1964- 
710 2 |a Fakulta aplikovaných jazykov EU v Bratislave. Katedra románskych a slovanských jazykov